| 000 | 00942nam a2200301 a 4500 | ||
|---|---|---|---|
| 008 | |||
| 020 | _a9781337565691 (hardback) | ||
| 040 |
_aNUST _cNUST |
||
| 049 | _aMAIN | ||
| 090 |
_aBF121 _bCOO |
||
| 100 | 1 | _aCoon, Dennis. | |
| 245 | 1 | 0 |
_aIntroduction to Psychology : _bgateways to mind and behavior/ _cDennis Coon, John Mitterer [and] Tanya Martini. |
| 250 | _aStudent edition | ||
| 260 |
_aBoston : _bCengage, _cc2019 |
||
| 300 |
_axxvii, 704 pages : _bcoloured illustrations; _c28 cm. |
||
| 336 |
_atext _btxt _2rdacontent |
||
| 337 |
_aunmediated _bn _2rdamedia |
||
| 338 |
_avolume _bnc _2rdacarrier |
||
| 500 | _aIncludes indexes. | ||
| 504 | _aIncludes bibliographical references. | ||
| 650 | 0 | _aPsychology. | |
| 700 | 1 | _aJohn Mitterer | |
| 700 | 1 | _aTanya Martini | |
| 907 |
_a.b10397978 _b01-08-19 _c25-06-19 |
||
| 003 | |||
| 005 | 20230123141141.0 | ||
| 942 |
_cBOOKS _kBF121 _mCOO |
||
| 999 |
_c168543 _d168543 |
||